20 relatos argentinos 1838-1887 /
Guardado en:
| Autor Principal: | |
|---|---|
| Formato: | Libro |
| Publicado: |
Buenos Aires :
Eudeba,
1961
|
| Series: | Del Siglo y Medio; No. 25
|
| Materias: | |
| Etiquetas: |
Agregar Etiqueta
Sin Etiquetas, Sea el primero en etiquetar este registro!
|
| LEADER | 01554nam a22002175a 4500 | ||
|---|---|---|---|
| 001 | CEM.cems004843 | ||
| 005 | 20101123093244.0 | ||
| 008 | 130507s1961##################000#0#####d | ||
| 003 | CEMS | ||
| 082 | 0 | 4 | |a A868 |
| 100 | 1 | |a Pages Larraya, Antonio | |
| 245 | 1 | 0 | |a 20 relatos argentinos 1838-1887 / |c Selección y Prólogo de Antonio Pagés Larraye |
| 260 | |a Buenos Aires : |b Eudeba, |c 1961 | ||
| 300 | |a 182 p. | ||
| 490 | 0 | |a Del Siglo y Medio; No. 25 | |
| 505 | 0 | |a El matadero / Esteban Echeverría -- Doña Rita Material / Juan Bautista Alberdi -- El hombre hormiga / Juan María Gutierrez -- Recuerdos de provincia / Domingo Faustino Sarmiento -- Fantasía / José Tomás Guido -- Una visita infernal / Juana Manuela Gorriti -- El cabo Gómez / Lucio V. Mansilla -- Horacio Kalibang o los autómatas / Eduardo L. Holmberg -- Las pálidas viajeras / Carlos Guido Spano -- Don Polídoro (retrato de muchos ) / Lucio V. López -- Cómo viven / Carlos Monsalve -- Bebé en el circo / Miguel Cané -- El hombre de la levita gris / Carlos Olivera -- El Dr, Quijano y Golilla / José María Cantilo -- El convite de Barrientos / Santiago Estrada -- Así / Eduardo Wilde -- La carretita de Doña María / Pastor S. Obligado -- Patriotismo ... y caldo gordo / José Sixto Alvarez (Fray Mocho) -- Nobleza de pago / José Sixto Alvarez (Fray Mocho) -- Cosas de otros tiempos / Roberto J. Payró | |
| 653 | |a Literatura | ||
| 653 | |a Literatura argentina | ||
| 653 | |a Cuentos | ||
| 653 | |a Cuento argentino | ||
| 859 | |a CEMS |b BIB. CEMS - 11 de abril |h A868 |i V533 |p 8559.80 |t Ej.1 | ||
